LIBRARY & INFORMATION CENTRE, KCAET, TAVANUR

ONLINE PUBLIC ACCESS CATALOGUE (OPAC)

Progressive engineering drawing for TEC students / (Record no. 10196)

MARC details
000 -LEADER
fixed length control field 00513cam a2200181ua 4500
020 ## - INTERNATIONAL STANDARD BOOK NUMBER
ISBN 0-340-36572-2
041 ## - LANGUAGE CODE
Language code of text/sound track or separate title eng
082 ## - DEWEY DECIMAL CLASSIFICATION NUMBER
Classification number 604.2
Item number SIM/PR
100 ## - MAIN ENTRY--AUTHOR NAME
Personal name Simmons, Collin H .
245 ## - TITLE STATEMENT
Title Progressive engineering drawing for TEC students /
260 ## - PUBLICATION, DISTRIBUTION, ETC. (IMPRINT)
Place of publication London :
Name of publisher The English Language book society ,
Year of publication 1984.
300 ## - PHYSICAL DESCRIPTION
Number of Pages 220 ; .
700 1# - ADDED ENTRY--PERSONAL NAME
Personal name Maguire, Dennis C .
942 ## - ADDED ENTRY ELEMENTS (KOHA)
Koha item type Books
Holdings
Withdrawn status Lost status Damaged status Home library Current library Date acquired Full call number Accession Number Koha item type
      KAUAET KAUAET 10/09/1986 604.2 15750 Books
free website counter